000 00666nam a2200193Ia 4500
003 LDD
008 190117s9999 xx 000 0 und d
020 _a9789381130827
_c₹175
040 _cLDD
041 _ahi
082 _a8H1.71 बे3216ब
100 _aबेटगेरि, अंकुर
245 0 _aबसंत बदल देता है मुहावरे
_cअंकुर बेटगेरि
260 _aदिल्ली
_bयश पब्लिकेशन
_c2012
300 _a86पृ.
901 _aKGP
904 _aReqst by : Jitendra Shrivastava
942 _2ddc
_cH
999 _c164924
_d164924